Hong se Gan Yue bian / (Record no. 12830)
[ view plain ]
| 000 -LEADER | |
|---|---|
| fixed length control field | 00787nam a2200253 a 4500 |
| 001 - CONTROL NUMBER | |
| control field | c 64000770 |
| 003 - CONTROL NUMBER IDENTIFIER | |
| control field | DLC |
| 005 - DATE AND TIME OF LATEST TRANSACTION | |
| control field | 20260227111034.0 |
| 008 - FIXED-LENGTH DATA ELEMENTS--GENERAL INFORMATION | |
| fixed length control field | 061018s1959 cc 000 0 chi |
| 010 ## - LIBRARY OF CONGRESS CONTROL NUMBER | |
| LC control number | c 64000770 |
| 035 ## - SYSTEM CONTROL NUMBER | |
| System control number | (CStRLIN)DCLP06-B20868 |
| 040 ## - CATALOGING SOURCE | |
| Original cataloging agency | DLC |
| Transcribing agency | DLC |
| Modifying agency | DLC-R |
| 050 00 - LIBRARY OF CONGRESS CALL NUMBER | |
| Classification number | PL2922.S43 |
| Item number | H8 |
| 066 ## - CHARACTER SETS PRESENT | |
| Alternate G0 or G1 character set | $1 |
| 100 1# - MAIN ENTRY--PERSONAL NAME | |
| Linkage | 880-01 |
| Personal name | Yang, Shangkui. |
| 245 10 - TITLE STATEMENT | |
| Linkage | 880-02 |
| Title | Hong se Gan Yue bian / |
| Statement of responsibility, etc. | Yang Shangkui. |
| 250 ## - EDITION STATEMENT | |
| Linkage | 880-03 |
| Edition statement | Di 1 ban. |
| 260 ## - PUBLICATION, DISTRIBUTION, ETC. | |
| Linkage | 880-04 |
| Place of publication, distribution, etc. | Beijing : |
| Name of publisher, distributor, etc. | Zuo jia chu ban she, |
| Date of publication, distribution, etc. | 1959 |
| Date of manufacture | (1962 printing) |
| 300 ## - PHYSICAL DESCRIPTION | |
| Extent | 179 p. ; |
| Dimensions | 19 cm. |
| 880 1# - ALTERNATE GRAPHIC REPRESENTATION | |
| Linkage | 100-01/$1 |
| a | 楊 尚奎. |
| 880 10 - ALTERNATE GRAPHIC REPRESENTATION | |
| Linkage | 245-02/$1 |
| a | 紅色贛粤边 / |
| c | 楊尚奎. |
| 880 ## - ALTERNATE GRAPHIC REPRESENTATION | |
| Linkage | 250-03/$1 |
| a | 第1版. |
| 880 ## - ALTERNATE GRAPHIC REPRESENTATION | |
| Linkage | 260-04/$1 |
| a | 北京 : |
| b | 作家出版社, |
| c | 1959 |
| g | (1962 printing) |
No items available.